Azcapotzalco : (Record no. 107984)

MARC details
000 -CABECERA
campo de control de longitud fija 00840nam a2200205 a 4500
005 - FECHA Y HORA DE LA ÚLTIMA TRANSACCIÓN
campo de control 20210223125508.0
008 - ELEMENTOS DE LONGITUD FIJA--INFORMACIÓN GENERAL
campo de control de longitud fija 991125c2000 agu 000 0 spa u
020 ## - NÚMERO INTERNACIONAL NORMALIZADO PARA LIBROS
Número Internacional Estándar del Libro 9701327926
035 ## - NÚMERO DE CONTROL DEL SISTEMA
Número de control de sistema UPN01000135833
049 ## - COLECCIÓN
Colección C
050 #4 - SIGNATURA TOPOGRÁFICA DE LA BIBLIOTECA DEL CONGRESO
Número de clasificación HA770
Número de documento/Ítem no. 554
110 2# - ASIENTO PRINCIPAL--NOMBRE CORPORATIVO
Nombre de entidad corporativa o nombre de jurisdicción como elemento de entrada Instituto Nacional de Estadística, Geografía e Informática (México)
245 10 - MENCIÓN DE TÍTULO
Título Azcapotzalco :
Resto del título Distrito Federal, : cuaderno estadístico delegacional : edición 1999 /
Mención de responsabilidad, etc. Instituto Nacional de Estadística, Geografía e Informática.
260 ## - PUBLICACIÓN, DISTRIBUCIÓN, ETC.
Lugar de publicación, distribución, etc. Aguascalientes :
Nombre del editor, distribuidor, etc. Gobierno del Distrito Federal :
-- INEGI,
Fecha de publicación, distribución, etc. 2000.
300 ## - DESCRIPCIÓN FÍSICA
Extensión xiii, 137 p. :
Otras características físicas gráfs., mapas.
650 #4 - ASIENTO SECUNDARIO DE MATERIA - TERMINO TEMATICO
Término de materia o nombre geográfico como elemento de entrada URBANISMO -
Subdivisión geográfica MEXICO (D.F.)
9 (RLIN) 22629
651 #4 - ASIENTO SECUNDARIO DE MATERIA - NOMBRE GEOGRAFICO
Nombre geográfico AZCAPOTZALCO, D.F. -
Subdivisión general CONDICIONES ECONOMICAS
9 (RLIN) 4297
651 #4 - ASIENTO SECUNDARIO DE MATERIA - NOMBRE GEOGRAFICO
Nombre geográfico AZCAPOTZALCO, D.F. -
Subdivisión general POBLACION -
Subdivisión de forma ESTADISTICA
9 (RLIN) 4304
905 ## - TIPO DE MATERIAL
Tipo de material Libro
Holdings
Estado de retiro Estado de pérdida Fuente del sistema de clasificación o colocación Estado dañado No para préstamo Código de colección Localización permanente Ubicación/localización actual Ubicación en estantería Total de préstamos Clasificación Código de barras Fecha visto por última vez Número de copia Tipo de ítem Koha
    Library of Congress Classification   Consulta Consulta Bib. Gregorio Torres Quintero Bib. Gregorio Torres Quintero Sala de lectura Sótano   HA770 no. 554 171240 31/12/2020 1 Libro